00437nam a2200157Ia 4500100002000000650001200020942000700032654001300039245003400052260003900086082001100125300000800136546001200144999001700156952010600173 aWalton/John /A  aGeneral cBK aWoodwork aWoodwork in Theory & Practice bAustralasoan Publishing & Coc2001 a684.08 a318 aENGLISH c23819d23819 001040708AFTaCRCEbCRCEd2023-03-17g18.90l0o684.08 pAFT319r2023-03-17v18.90w2023-03-17yBK